000 00971nam a2200337 a 4500
001 vtls000375410
003 NLI
005 20210602175725.0
008 110113s2008 ii da e 001 0 eng
020 _a8173815615
_cRs.495.00
039 9 _y201101132308
_zVLOAD
040 _aNLI :
_beng
_cNLMARC21
041 0 _aeng
044 _aii
082 0 4 _a598
_222
100 1 _aBhattacharyya, B. N.
_9479558
245 1 3 _aAn introduction to ornithology and biology of the blue rock pigeon/
_cB. N. Bhattacharyya
260 _aKolkata :
_bNew Central Book,
_c2008
300 _axxiv, 383 p. :
_bill.;
_c25 cm.
504 _aIncludes bibliographical references and index
650 0 _aOrnithology
_9201971
650 0 _aBiology
_93622
887 _aE. Haque KC
901 _aDB106970
_b11.09.08
902 _aE/O 598 B 469
904 _aE. Haque
905 _aKC
942 _2ddc
_cBKS
949 _AVIRTUAITEM
_D10012
_X100
_6DB106970
999 _aVIRTUA40
_c330458
_d330458